000 00641nam a2200277Ia 4500
005 20260324150843.0
008 008 260324s9999 xx 000 0 eng d
020 _a9781315123042
037 _aEBOOK
040 _aCRL
040 _beng
040 _cCRL
041 _2eng
041 _aeng
084 _qCRL
100 _aBernard Fay
_91227852
245 0 _aRevival: Roosevelt and His America (1933)
260 _bTaylor and Francis
260 _c1933
365 _a
365 _b350
856 _uhttp://www.taylorfrancis.com/books/9781315123042
942 _cEBOOK
999 _c1838029
_d1838029